| 000 | 00508nam a2200157 a 4500 | ||
|---|---|---|---|
| 001 | 000044547 | ||
| 005 | 20201002045442.0 | ||
| 008 | 140714s2004 dr abc 000 0 spa d | ||
| 040 |
_aDO-SdBNP _bspa _cBNPHU |
||
| 082 |
_axxxx _bxxxx |
||
| 100 | 1 |
_aOlivo, Rafael _972557 |
|
| 245 | 1 | 0 |
_aFe en Dios y amor a la patria / _cRafael Olivo. |
| 260 |
_a[Santo Domingo] : _b[s. n.], _c[20??]. |
||
| 300 |
_a127 p. : _bil., mapas, retrs. ; _c27 cm. |
||
| 500 | _aLa biblioteca posee 3 ejemplares autográfiados por el autor | ||
| 999 |
_c44036 _d44036 |
||